The Holy Gita: (Record no. 194883)

MARC details
000 -LEADER
fixed length control field 00562nam a22001817a 4500
005 - DATE AND TIME OF LATEST TRANSACTION
control field 20230406115256.0
010 ## - LCCN (DPL NO)
LC control number ENG-136057
020 ## - INTERNATIONAL STANDARD BOOK NUMBER
International Standard Book Number 9789350832561
Terms of availability 3000.00
035 ## - SYSTEM CONTROL NUMBER
System control number EN-119589
037 ## - SOURCE OF ACQUISITION
Source of stock number/acquisition DBAD/PUB
082 ## - DEWEY DECIMAL CLASSIFICATION NUMBER
Classification number 294.5924047
100 ## - MAIN ENTRY--PERSONAL NAME
Personal name Garga, Malayaj
245 ## - TITLE STATEMENT
Title The Holy Gita:
Remainder of title The Discourse Nonpareil/
Statement of responsibility, etc Malayaj Garga
260 ## - PUBLICATION, DISTRIBUTION, ETC. (IMPRINT)
Place of publication, distribution, etc New Delhi
Name of publisher, distributor, etc Fusion Books
Date of publication, distribution, etc 2013
270 ## - ADDRESS
Address X-30, Okhla Industrial Area, Phase-2
City New Delhi
Postal code 110020
Electronic mail address sales@dpb.in
300 ## - PHYSICAL DESCRIPTION
Extent 958p.
Dimensions 28cm(hbk)
942 ## - ADDED ENTRY ELEMENTS (KOHA)
Source of classification or shelving scheme Dewey Decimal Classification
Item type English Books
Classification part 294.5924047
Call number suffix GAR
Holdings
Withdrawn status Lost status Not for loan Collection code Home library Current library Date acquired Source of acquisition Cost, normal purchase price Full call number Barcode Copy number Cost, replacement price Koha item type
      Reference Central Library Central Library 27/01/2023 DBAD/PUB 3000.00 294.5924047 GAR EN-119589 1 3000.00 English Books

© Delhi Public Library
Hit Counter
free hit counter